01167nam a2200277 a 450000100060000000300080000600500170001400800410003103500190007204000250009104100080011608200250012424501330014926000690028230000250035150400200037650500170039665000240041370000520043770000470048973000400053694200120057699900170058895201450060595201390075027890BD-RjUL20211209051220.0140327r19291968enkb b 001 0 eng d a(BD-RjUL)27970 aYUcYUdBD-RjULbeng aeng00a940.1 bCAM V-6 196804aThe Cambridge medieval history /nVolume VI :cplanned by J.B. Bury; edited by H.M. Gwatkin... [et al.].bVictory of the papacy. aCambridge :bCambridge University Press,c1929 [Reprinted 1968]. aV. :c25 cm.bill. ; aIncludes index. aVol.6 V.8 -- 0aMiddle Ages.9855511 aBury, J. B.q(John Bagnell),d1861-1927.9595041 aGwatkin, Henry Melvill,d1844-1916.9757510 aCambridge medieval history.9166133 2ddccBK c27890d27890 00102ddc40728NFICaRUCLbRUCLcReadingd1969-10-07eZeitlingerg100.00l0o940.1 CAM V-6 1968r2014-03-27 00:00:00tC-1w2014-03-27yBK 00102ddc40708NFICaRUCLbRUCLcStackd1955-10-31eO. U. P.g56.00l0o940.1 CAM V-8 1936r2016-11-21 00:00:00tC-2w2016-11-21yBK